Matematický model tiahla navinutého z karbónových vlákien

Guardado en:
Detalles Bibliográficos
Autor principal: Dudáš, Jakub (Autor)
Otros Autores: Šulko, Miroslav (Orientador)
Formato: Manuscrito Libro
Lenguaje:eslovaco
Publicado: 2023
Materias:
Acceso en línea:http://is.stuba.sk/zp/portal_zp.pl?podrobnosti=170578
Etiquetas: Agregar Etiqueta
Sin Etiquetas, Sea el primero en etiquetar este registro!

MARC

LEADER 00000ntm a22000003a 4500
001 stuzp94744
003 SK-STU
005 20230909223039.5
007 ta
008 150427s2015----xo-----f-mn---000-0-slo-d
040 |a STU  |b slo 
041 0 |a slo 
100 1 |a Dudáš, Jakub  |u 020010  |4 aut  |U SjF Strojnícka fakulta  |T SjF Ústav aplikovanej mechaniky a mechatroniky  |X 100261  |U J0010  |Y 801  |7 100261 
242 0 1 |a Mathematical model of a rod wound from carbon fibre  |y eng 
245 1 0 |a Matematický model tiahla navinutého z karbónových vlákien 
260 |c 2023 
650 4 |a uhlíkové vlákno  |2 slo 
650 4 |a navíjanie vlákien  |2 slo 
650 4 |a ťahová skúška  |2 slo 
650 4 |a kompozitný materiál  |2 slo 
650 4 |a MKP  |2 slo 
650 4 |a statická analýza  |2 slo 
650 4 |a modálna analýza  |2 slo 
650 4 |a pevnosť kompozitu v tlaku  |2 slo 
650 4 |a mikrobortenie  |2 slo 
650 4 |a composite material  |2 eng 
650 4 |a carbon fibre  |2 eng 
650 4 |a filament winding  |2 eng 
650 4 |a tensile testing  |2 eng 
650 4 |a FEM  |2 eng 
650 4 |a static analysis  |2 eng 
650 4 |a modal analysis  |2 eng 
650 4 |a compressive strength of a composite  |2 eng 
650 4 |a microbuckling  |2 eng 
700 1 |a Šulko, Miroslav  |u 020010  |k Z1  |4 ths  |U SjF Strojnícka fakulta  |T SjF Ústav aplikovanej mechaniky a mechatroniky  |X 2207  |U J0010  |Y 801  |7 A000002207 
856 4 |u http://is.stuba.sk/zp/portal_zp.pl?podrobnosti=170578